Statistics for Country Flags based on their Longest Border

Click here to take the quiz!

General Stats

  • This quiz has been taken 13 times
  • The average score is 14 of 16

Answer Stats

Answer% Correct
Brazil
100%
Iran
100%
Malaysia
100%
Russia
100%
Sweden
100%
Switzerland
100%
Bangladesh
91%
Belarus
91%
Haiti
91%
Kazakhstan
91%
Vietnam
91%
Ghana
82%
Ukraine
82%
South Africa
73%
Ethiopia
64%
Nicaragua
64%

Score Distribution

Percentile by Number Answered

Percent of People with Each Score

Your Score History

You have not taken this quiz